Initiales de CA à CZ - Statistiques

Statistiques générales
  • Ce quiz a été pris 107 fois
  • Le résultat moyen est 13 sur 26
Statistiques - réponses
Initiales Questions Réponse % Correct
CC Créatrice de mode française dont la photo du quiz correspond a son logo Coco Chanel
96%
CD My Heart will go on, I'm Alive, Sous le vent avec Garou Céline Dion
95%
CK Styliste américain créant des vêtement Sportswear Calvin Klein
91%
CR Footballeur portugais ayant remporté de nombreux ballons d'or Cristiano Ronaldo
89%
CG Fille de Jane Birkin et de son mari Serge Charlotte Gainsbourg
88%
CF Cette année là, le rock 'n' roll venait d'ouvrir ses ailes Claude François
88%
CE Réalisateur du film Gran Torino Clint Eastwood
79%
CL Pilote monégasque en F1, 3eme du championnat 2024 Charles Leclerc
74%
CB Chanteur et acteur américain, ex de Rihanna Chris Brown
72%
CW Double je et Jacques a dit, sont ces titres les plus connus Christophe Willem
71%
CN Acteur principal de Walker Texas Rangers Chuck Norris
66%
CM Femme de William, Prince de Galles Catherine Middleton
65%
CI Personnage de fiction de la petite maison dans la prairie Charles Ingalls
58%
CX Nom du professeur dans les X-Men Charles Xavier
53%
CT Actrice Ivoirienne jouant dans "Qu'est ce qu'on a encore fait au bon dieu" Claudia Tagbo
42%
CH DJ surnommé "le roi de l'electropop" Calvin Harris
35%
CS Double champion en rally pour le père, le fils est en F1 Carlos Sainz
34%
CO Journaliste Belge, 2eme femme a avoir présenter un JT à 20h en France Christine Ockrent
27%
CJ Française jouant dans le Brio Camélia Jordana
26%
CP Résistant à 15 ans, il était aussi militant Gaulliste Charles Pasqua
16%
CA Écrivain psychothérapeute français, et créateur de contenu vidéo surla méditation Christophe André
8%
CY Chanteuse française dont l'album s'intitule Océano Nox Clara Ysé
8%
CV Un lycée porte son nom a Valence car il était le maire de cette ville Camille Vernet
2%
CU Combattant UFC néo-zélandais Carlos Ulberg
1%
CZ Champion du monde mexicain de boxe de 1976 à 1979 Carlos Zarate
1%
CQ Voix française du rôle principal de Soy Luna sur Disney Channel Clara Quilichini
1%
Aucun quiz correspondant
Distribution des résultats
% des personnes avec chaque résultat
Percentile par nombre de réponses
Votre historique - résultats
Vous n’avez pas pris ce quiz